1949 1561 1115 1542 1056 1253 1890 1022 1373 1492 1476 1511 1940 1017 1572 1434 1015 1740 1940 1527 1986 1223 1638 1142 1718 1996 1829 1476 1543 1683 1736 1634 1111 1884 1657 1046 1189 1517 1516 1839 1292 1427 1340 1890 1397 1998 1688 1885 1006 1850 1177 1304 1165 1194 1480 1915 1867 1894 1245 1090 1355 1776 1720 1842 1428 1389 1587 1973 1515 1433 1199 1767 1691 1272 1444 1579 1451 1841 1015 1897 1374 1048 1979 1713 1186 1488 1495 1451 1916 1121 1086 1158 1055 1708 1682 1513 1890 1016 1582 BCNSPRNW ULIB Ver.6.0+V

เปลี่ยนเป็นภาษาไทย

Change to English
 แสดงรายละเอียดบรรณานุกรม
  กลับหน้าหลัก

Brief Record : Get Marc (ISO 2709) : E-mail record : QR code < ปิดหน้าต่าง
LEADER : 00000nam 2200000uu 4500
001    13399127093
003     ULIB
008    020711s2557 th a 000 0 tha d
020    ^a9786162273261
060    ^aWS103^bต-ย
100    ^aตุ๊บป่อง
245    ^aยา หย่า ย่า ชุดชวนท่องร้องเล่น
250    ^aพิมพ์ครั้งที่ 1
260    ^aกรุงเทพฯ :^bบริษัท แปลน ฟอร์ คิดส์ จำกัด,^c2557
300    ^a17 หน้า;^b21 ซม.
650    ^aเด็ก^xการเรียนการสอน
945    ^p85^l0^i006281
999    ^aประนอม เกษจรัล
รายการนี้ยังไม่มีแท็ก
คุณยังไม่ได้ล็อกอิน คุณสามารถมีกิจกรรมร่วมกับเว็บไซต์ได้ แต่ต้องล็อกอินก่อน ::
  ล็อกอิน

รายการสื่อสารสนเทศ

ลำดับที่ ประเภท เลขเรียก/บาร์โค้ด สถานที่ สถานะ
1. วิทยาศาสตร์การแพทย์ และสุขภาพ
วิทยาศาสตร์การแพทย์ และสุขภาพ
WS103 ต-ย ฉ.1 
  Barcode: 006281
ห้องสมุดวิทยาเขตสวรรค์ประชารักษ์
►หนังสือทั่วไป
บนชั้น

รายการใกล้เคียง
    ผู้แต่ง [ตุ๊บป่อง]

BibComment


ยังไม่เคยถูกคอมเมนท์

คอมเมนท์ทรัพยากรรายการนี้
  คอมเมนท์: ยา หย่า ย่า ชุดช..


 Copyright 2026. Bcnsprnw @Library